000
00316nam a22001337a 4500
008
181107b xxu||||| |||| 00| 0 eng d
020
_a
9780683307696
041
_a
eng
080
_2
9th
_a
612.39
100
_a
10
101
_a
NUT
245
_a
Modern Nutrition in Health and Disease
_c
Shils,M.E
942
_2
udc
_c
BK
999
_c
52150
_d
52150